|
|
|
|
| LEADER |
01027nam a2200313 4500 |
| 001 |
DLU090097417 |
| 005 |
##20091201 |
| 040 |
# |
# |
|a DLU
|b eng
|
| 041 |
# |
# |
|a eng
|
| 044 |
# |
# |
|a us
|
| 100 |
# |
# |
|a Kim, Sunghwan.
|
| 245 |
# |
# |
|a Graphical method for analysis of ultrahigh-resolution broadband mass spectra of natural organic matter, the Van Krevelen diagram /
|c Sunghwan Kim, Robert W. Kramer, Patrick G. Hatcher.
|
| 653 |
# |
# |
|a Chemical ionization
|
| 653 |
# |
# |
|a Electrospray
|
| 653 |
# |
# |
|a Fourier transform spectroscopy
|
| 653 |
# |
# |
|a Mass spectrometry
|
| 653 |
# |
# |
|a Van Krevelen diagram
|
| 700 |
# |
# |
|a Hatcher, Patrick G.
|
| 700 |
# |
# |
|a Kramer, Robert W.
|
| 773 |
# |
# |
|t Analytical Chemistry
|g Vol. 75, no. 20 (October 2003), p. 5336-5344
|
| 920 |
# |
# |
|a Phòng Tạp chí -- Trung tâm Thông tin - Thư viện Trường Đại học Đà Lạt
|
| 994 |
# |
# |
|a DLU
|
| 900 |
# |
# |
|a True
|
| 911 |
# |
# |
|a Trương Bảo Trâm Anh
|
| 925 |
# |
# |
|a G
|
| 926 |
# |
# |
|a A
|
| 927 |
# |
# |
|a BB
|
| 980 |
# |
# |
|a Thư viện Trường Đại học Đà Lạt
|